000 00409nam a2200133Ia 4500
008 220217s9999||||xx |||||||||||||| ||und||
020 _a978-81-3121-856-3
082 _a621.395 GRO
100 _aGrout, Lan
_97569
245 0 _aDigital system design with FPCA`s and CPLD`s
260 _aElsevier Academic press
_bNew Delhi
_c2010
300 _aXXXVII,724p.
_b450
650 _aDIGITAL DESIGN/LOGIC DESIGN
999 _c181187
_d181187